| 000 | 00789nam a2200241 a 4500 | ||
|---|---|---|---|
| 999 |
_c447395 _d447395 |
||
| 003 | BLK | ||
| 005 | 20230628135849.0 | ||
| 008 | 220307b bu |||||r|||| 00| | bu d | ||
| 040 | _aBLK | ||
| 041 |
_aBUL _cBUL |
||
| 080 |
_aСредни училища _b373.5 _x(497.215)(062) _z373.5(497.215)(062) |
||
| 139 | _bГ 62 | ||
| 245 |
_aГодишник на математическа гимназия Баба Тонка _bза учебната 1993-1994 г. _h[Малотир. изд.] |
||
| 260 |
_9441842 _aРусе _bб. и. _c1994 |
||
| 300 |
_a48 с. _c21 см |
||
| 380 | _a3 | ||
| 653 | 7 |
_9197223 _aсредни училища |
|
| 653 | 7 |
_9197136 _aсписъци |
|
| 852 |
_bК _cК 373.5/Г 62 |
||
| 942 |
_cKNG _n0 _s1 _01 |
||
| 944 |
_aCR _c2022-03-07 _kВП |
||
| 999 | _d447395 | ||